[Event "10/10/10 Challenge"]
[Site "SchemingMind.com"]
[Date "2010.10.12"]
[Round "-"]
[White "Arthur Wilding"]
[Black "Amateur Analyst"]
[Result "0-1"]
[WhiteCountry "WLS"]
[BlackCountry "USA"]
[WhiteElo "1319"]
[WhiteRD "71"]
[BlackElo "1873"]
[BlackRD "97"]
[GameID "263397"]

1. d4 Nf6 2. e3 g6 3. Nf3 Bg7 4. Nbd2 d5 5. Bb5+ Bd7 6. a4 O-O 7. O-O Bxb5 8. axb5 Qd7 9. c4 dxc4 10. Nxc4 Qxb5
11. Ncd2 Nc6 12. Nb3 e5 13. dxe5 Nxe5 14. Nxe5 Qxe5 15. f4 Qe7 16. Qe2 b6 17. Ra4 c5 18. Nd2 Rfe8 19. Rf3 Qb7 20. Nc4 Ne4
21. Nd2 Nxd2 22. Qxd2 Rad8 23. Qe2 Rd7 24. b4 Re4 25. h3 b5 26. Ra5 Rxb4 27. Rf1 Qb6 28. Ra2 a6 29. Kh1 Re4 30. Bb2 Bxb2
31. Rxb2 c4 32. Rf3 Rde7 33. Rd2 Rxe3 34. Qd1 Re1+ 35. Rf1 Rxd1 36. Rfxd1 Re8 37. Rd6 Qf2 38. Rd8 Rxd8 39. Rxd8+ Kg7 40. Ra8 Qf1+
41. Kh2 Qxf4+ 42. Kh1 Qd6 43. Rc8 a5
0-1

[Event "10/10/10 Challenge"]
[Site "SchemingMind.com"]
[Date "2010.10.12"]
[Round "-"]
[White "lennart"]
[Black "Amateur Analyst"]
[Result "0-1"]
[WhiteCountry "SWE"]
[BlackCountry "USA"]
[WhiteElo "1543"]
[WhiteRD "57"]
[BlackElo "1873"]
[BlackRD "97"]
[GameID "263398"]

1. e4 e6 2. d4 d5 3. e5 c5 4. dxc5 Nc6 5. Nf3 Bxc5 6. Qd3 Qb6 7. Nbd2 Bxf2+ 8. Kd1 Nge7 9. Nb1 Ng6 10. Bd2 Ngxe5
11. Qe2 Nxf3 12. Qxf3 Bd4 13. Qb3 Qxb3 14. axb3 Bxb2 15. Ra4 O-O 16. c3 d4 17. g3 dxc3 18. Nxc3 Bxc3 19. Bxc3 Bd7 20. Ke1 Ne7
21. Rd4 Bc6 22. Rg1 Nf5 23. Rg4 g6 24. h4 Ne3 25. Rg5 Nd5 26. Bd4 f6 27. Rg4 e5 28. Bc5 Rf7 29. Re4 Nf4 30. Rc4 Ne6
31. Ba3 Nd4 32. b4 Nf3+
0-1

[Event "10/10/10 Challenge"]
[Site "SchemingMind.com"]
[Date "2010.10.12"]
[Round "-"]
[White "PeterLiberty"]
[Black "Amateur Analyst"]
[Result "0-1"]
[WhiteCountry "USA"]
[BlackCountry "USA"]
[WhiteElo "1476"]
[WhiteRD "61"]
[BlackElo "1873"]
[BlackRD "97"]
[GameID "263399"]

1. e4 e6 2. d4 d5 3. Nd2 Be7 4. Ngf3 Nf6 5. e5 Nfd7 6. Bd3 c5 7. c3 Nc6 8. O-O a5 9. Re1 cxd4 10. cxd4 Qb6
11. Nb3 a4 12. Nc5 Nxc5 13. dxc5 Bxc5 14. Qe2 O-O 15. Be3 Bxe3 16. fxe3 Qc7 17. Rac1 Bd7 18. Bb5 Qb8 19. a3 Be8 20. e4 Nxe5
21. Bxe8 Rxe8 22. Nd4 Nc4 23. Rf1 b5 24. Nc6 Qb6+ 25. Qf2 Rac8 26. Qxb6 Nxb6 27. Rfe1 Rc7 28. exd5 Nxd5 29. Ne5 Rec8 30. Nd3 Rxc1
31. Rxc1 Rxc1+ 32. Nxc1 Kf8 33. Nd3 Ke7 34. Nc5 f5 35. g3 g5 36. Nd3 Kd6 37. Kf2 e5 38. h3 e4 39. Nb4 Nxb4 40. axb4 Kd5
41. Ke3 h5 42. h4 gxh4 43. gxh4 Ke5 44. Kf2 Kf4
0-1

[Event "10/10/10 Challenge"]
[Site "SchemingMind.com"]
[Date "2010.10.12"]
[Round "-"]
[White "jballinger44"]
[Black "Mitch The Man"]
[Result "0-1"]
[WhiteCountry "USA"]
[BlackCountry "USA"]
[WhiteElo "1252"]
[WhiteRD "60"]
[BlackElo "1411"]
[BlackRD "67"]
[GameID "263541"]

1. e4 e5 2. Nf3 d6 3. d3 h6 4. d4 Qe7 5. Bb5+ c6 6. Ba4 b5 7. Bg5 hxg5 8. Bb3 g4 9. Nfd2 Nh6 10. f3 Be6
11. d5 cxd5 12. exd5 Bd7 13. c4 a6 14. h3 Qh4+ 15. Ke2 gxf3+ 16. Nxf3 Qe4+ 17. Kf2 Be7 18. Bc2 Qf4 19. Nd2 Bh4+ 20. Kf1 Qg3
21. Ne4 Qf4 22. g3 Bxg3 23. Nxg3 Qxg3 24. h4 Bh3+ 25. Rxh3 Qxh3+ 26. Ke2 Qg2+ 27. Ke1 Ng4 28. Bf5 Qf2#
0-1

[Event "10/10/10 Challenge"]
[Site "SchemingMind.com"]
[Date "2010.10.14"]
[Round "-"]
[White "jballinger44"]
[Black "mochiron"]
[Result "0-1"]
[WhiteCountry "USA"]
[BlackCountry "JPN"]
[WhiteElo "1245"]
[WhiteRD "60"]
[BlackElo "1465"]
[BlackRD "70"]
[GameID "263542"]

1. e4 a6 2. d4 d5 3. exd5 Qxd5 4. Nc3 Qe6+ 5. Be2 Nf6 6. d5 Qd6 7. Bd3 g6 8. Ne4 Nxe4 9. Bxe4 f5 10. Bd3 Qxd5
11. c4 Qxg2 12. Qf3 Qxf3 13. Nxf3 Nc6 14. b3 e5 15. Be3 e4 16. Ne5 Nxe5 17. Bd4 Bg7 18. Be2 Rg8 19. f4 Nf3+ 20. Kd1 Bxd4
21. Kc2 Bxa1 22. Rxa1 c5 23. b4 cxb4 24. c5 Nd4+ 25. Kd1 Nxe2 26. Kxe2 Bd7 27. Rd1 Bb5+ 28. Ke1 Rd8
0-1

[Event "10/10/10 Challenge"]
[Site "SchemingMind.com"]
[Date "2010.10.13"]
[Round "-"]
[White "jballinger44"]
[Black "Arthur Wilding"]
[Result "1-0"]
[WhiteCountry "USA"]
[BlackCountry "WLS"]
[WhiteElo "1245"]
[WhiteRD "60"]
[BlackElo "1319"]
[BlackRD "71"]
[GameID "263543"]

1. e4 e5 2. Nf3 d6 3. Bb5+ c6 4. Ba4 Nf6 5. O-O Bg4 6. h3 Be6 7. Re1 Nfd7 8. d4 b5 9. Bb3 Bxb3 10. axb3 Be7
11. d5 c5 12. Ng5 Bxg5 13. Bxg5 f6 14. Bh4 c4 15. bxc4 bxc4 16. Qh5+ g6 17. Qg4 O-O 18. Na3 Nb6 19. Qe6+ Rf7 20. Nb5 N8d7
21. Nxd6 Qe7 22. Qxf7+ Qxf7 23. Nxf7 Kxf7 24. Ra5 Nc8 25. Rea1 g5 26. Bg3 Ncb6 27. Rxa7 Rd8 28. f4 gxf4 29. Bf2 Kg6 30. R1a6 h5
31. Bxb6 Nxb6 32. Rxb6 Rc8 33. d6 c3 34. d7 Rd8 35. bxc3 Kf7 36. Rab7 Ke7 37. Rb8 Rxb8 38. Rxb8 Kxd7 39. c4 Kc6 40. Rc8+ Kb6
41. c5+ Kb7 42. Rd8 Kc6 43. g4 Kxc5 44. gxh5
1-0

[Event "10/10/10 Challenge"]
[Site "SchemingMind.com"]
[Date "2010.10.12"]
[Round "-"]
[White "jballinger44"]
[Black "lennart"]
[Result "0-1"]
[WhiteCountry "USA"]
[BlackCountry "SWE"]
[WhiteElo "1252"]
[WhiteRD "60"]
[BlackElo "1540"]
[BlackRD "57"]
[GameID "263544"]

1. e4 e5 2. Nf3 d6 3. d3 Nf6 4. Be2 Nc6 5. O-O Be7 6. Ng5 h6 7. Nf3 O-O 8. Nh4 Nxe4 9. Nf5 Bxf5 10. dxe4 Bxe4
11. f4 exf4 12. Bxf4 Bg5 13. Nc3 Bh7 14. Bc4 Nb4 15. a3 Nc6 16. Ne4 Bxe4 17. Bd3 Bxd3 18. Qxd3 Bxf4 19. Rxf4 Ne5 20. Qd5 c6
21. Qd4 Qg5 22. Raf1 Qg6 23. h4 Qe6 24. Rd1 Rad8 25. Qxa7 Rb8 26. Rb4 b5 27. a4 c5 28. Rb3 Ra8 29. Qc7 b4 30. Qxd6 Qxd6
31. Rxd6 Rxa4 32. Rd5 c4 33. Re3 Ra1+ 34. Kf2 Ng4+ 35. Kf3 Nxe3 36. Kxe3 Re8+ 37. Kd4 Rf1 38. Rc5 b3 39. Rxc4 Rf4+ 40. Kc3 Rxc4+
41. Kxc4 bxc2
0-1

[Event "10/10/10 Challenge"]
[Site "SchemingMind.com"]
[Date "2010.10.12"]
[Round "-"]
[White "jballinger44"]
[Black "PeterLiberty"]
[Result "1-0"]
[WhiteCountry "USA"]
[BlackCountry "USA"]
[WhiteElo "1245"]
[WhiteRD "60"]
[BlackElo "1476"]
[BlackRD "61"]
[GameID "263545"]

1. e4 c5 2. Nf3 d6 3. c3 Nf6 4. Be2 Nc6 5. Qa4 g6 6. Ng5 Bg7 7. d4 cxd4 8. cxd4 Bd7 9. Qc4 O-O 10. Nc3 Rc8
11. e5 dxe5 12. dxe5 Nxe5 13. Qd4 Qc7 14. Bf4 Nfg4 15. h3 Nd3+ 16. Qxd3 Nf6 17. Bxc7 Rxc7 18. O-O-O e5 19. Qd6 Rc6 20. Qxe5 Ne8
21. Qb5 Rxc3+ 22. bxc3 Bxb5 23. Bxb5 Nc7 24. Bc4 Kh8 25. Nxf7+ Rxf7 26. Bxf7
1-0

[Event "10/10/10 Challenge"]
[Site "SchemingMind.com"]
[Date "2010.10.12"]
[Round "-"]
[White "jballinger44"]
[Black "Amateur Analyst"]
[Result "0-1"]
[WhiteCountry "USA"]
[BlackCountry "USA"]
[WhiteElo "1245"]
[WhiteRD "60"]
[BlackElo "1873"]
[BlackRD "97"]
[GameID "263546"]

1. e4 e6 2. d3 d5 3. Nf3 dxe4 4. Bg5 f6 5. c4 exf3 6. Bf4 Bb4+ 7. Nc3 fxg2 8. Bxg2 Ne7 9. a3 Bxc3+ 10. bxc3 e5
11. Be3 Nbc6 12. Qh5+ g6 13. Qh6 Qxd3 14. Qg7 Qxc3+ 15. Bd2 Qxa1+ 16. Ke2 Nd4+ 17. Ke3 Qxa3+ 18. Ke4 Bf5#
0-1

[Event "10/10/10 Challenge"]
[Site "SchemingMind.com"]
[Date "2010.10.13"]
[Round "-"]
[White "Mitch The Man"]
[Black "jballinger44"]
[Result "1-0"]
[WhiteCountry "USA"]
[BlackCountry "USA"]
[WhiteElo "1424"]
[WhiteRD "59"]
[BlackElo "1245"]
[BlackRD "60"]
[GameID "263547"]

1. e4 c5 2. e5 Nc6 3. e6 dxe6 4. c3 e5 5. h3 Bf5 6. Na3 g6 7. f3 Bh6 8. Nc2 Bxc2 9. Qxc2 Nf6 10. Bb5 a6
11. Bxc6+ bxc6 12. Ne2 Nd5 13. O-O Nf4 14. Nxf4 Bxf4 15. Kf2 O-O 16. d4 cxd4 17. Bxf4 exf4 18. Rfd1 e5 19. c4 Rb8 20. b3 Qh4+
21. Kg1 f6 22. c5 Rfd8 23. Qc4+ Kf8 24. Qe6 Rd5 25. Qxc6 Rdd8 26. Qxa6 Rxb3 27. axb3 Rd5 28. Qc8+ Kg7 29. Qb7+ Kh6 30. Qxd5 e4
31. Qxe4 Qg5 32. Rxd4 f5 33. Qe8 Qf6 34. Rad1 g5 35. Rd6
1-0

[Event "10/10/10 Challenge"]
[Site "SchemingMind.com"]
[Date "2010.10.15"]
[Round "-"]
[White "mochiron"]
[Black "jballinger44"]
[Result "1-0"]
[WhiteCountry "JPN"]
[BlackCountry "USA"]
[WhiteElo "1484"]
[WhiteRD "71"]
[BlackElo "1252"]
[BlackRD "60"]
[GameID "263548"]

1. b4 e5 2. Bb2 Nc6 3. a3 b6 4. e4 d6 5. Nf3 Bg4 6. Be2 Nd4 7. Bxd4 exd4 8. Nxd4 Bxe2 9. Qxe2 c5 10. Qb5+ Qd7
11. Nc6 Qg4 12. Ne5+
1-0

[Event "10/10/10 Challenge"]
[Site "SchemingMind.com"]
[Date "2010.10.13"]
[Round "-"]
[White "Arthur Wilding"]
[Black "jballinger44"]
[Result "1-0"]
[WhiteCountry "WLS"]
[BlackCountry "USA"]
[WhiteElo "1319"]
[WhiteRD "71"]
[BlackElo "1245"]
[BlackRD "60"]
[GameID "263549"]

1. d4 d5 2. e3 e6 3. Nf3 c5 4. Bb5+ Bd7 5. a4 Qa5+ 6. Bd2 Qb6 7. Bxd7+ Kxd7 8. b3 cxd4 9. O-O dxe3 10. Bxe3 Qa5
11. Ne5+ Kd8 12. Nxf7+ Kd7 13. Nxh8 Bc5 14. Bxc5 Qxc5 15. Nd2 Nc6 16. Nf7 Nf6 17. Ng5 h6 18. Ngf3 Rf8 19. Nc4 Kc8 20. Nfe5 dxc4
21. Nxc6 Qxc6 22. bxc4 Rd8 23. Qe2 Rd4 24. Rad1 Rg4 25. f3 Qc5+ 26. Kh1 Rh4 27. Qxe6+ Kc7 28. Qf7+ Kb6 29. Qe6+ Ka5 30. Rd2 Qc7
31. g3 Qxg3 32. Qf5+ Kxa4 33. Ra1+ Kb4 34. Qb5+ Kc3 35. Qa5+ Kb2 36. Qa2+ Kc3 37. Rd3+ Kb4 38. Qa4+ Kc5 39. Qa5+ Kxc4 40. Ra4#
1-0

[Event "10/10/10 Challenge"]
[Site "SchemingMind.com"]
[Date "2010.10.13"]
[Round "-"]
[White "lennart"]
[Black "jballinger44"]
[Result "1-0"]
[WhiteCountry "SWE"]
[BlackCountry "USA"]
[WhiteElo "1543"]
[WhiteRD "57"]
[BlackElo "1245"]
[BlackRD "60"]
[GameID "263550"]

1. e4 c5 2. d4 cxd4 3. Qxd4 Qa5+ 4. Bd2 e5 5. Qc4 Qc5 6. Na3 Qxc4 7. Nxc4 Nf6 8. Bd3 Na6 9. c3 Nc5 10. Bc2 Nfxe4
11. b4 Nxd2 12. Nxd2 Ne6 13. Ngf3 a5 14. b5 Nc7 15. Ba4 b6 16. Nxe5 f6 17. Nec4 Bb7 18. O-O d5 19. Nxb6 Rd8 20. Rae1+ Be7
21. Rc1 Ba3 22. Rce1+ Kf7 23. c4 Rhe8 24. Rxe8 Rxe8 25. c5 Bxc5 26. Nd7 Bb4 27. Nf3 Re2 28. Bb3 a4 29. Bxa4 d4 30. b6 Bxf3
31. bxc7 Bb7 32. Nb6 Ba5 33. c8=Q Bxc8 34. Nxc8 Rxa2 35. Bb3+ Ke8 36. Bxa2 Kd7 37. Na7 g5 38. Rd1 Bb6 39. Nb5 Kc6 40. Nxd4+ Kc5
41. Ne6+ Kb4 42. Rd7 h6 43. Rh7 Ka3 44. Rxh6 Kxa2 45. Rxf6 Kb2 46. Rg6 Kc2 47. Nxg5 Kd2 48. Rxb6
1-0

[Event "10/10/10 Challenge"]
[Site "SchemingMind.com"]
[Date "2010.10.13"]
[Round "-"]
[White "PeterLiberty"]
[Black "jballinger44"]
[Result "1-0"]
[WhiteCountry "USA"]
[BlackCountry "USA"]
[WhiteElo "1476"]
[WhiteRD "61"]
[BlackElo "1245"]
[BlackRD "60"]
[GameID "263551"]

1. e4 c5 2. Nf3 d6 3. d4 Nc6 4. d5 Qa5+ 5. Bd2 Qa4 6. b3 Qxe4+ 7. Be3 Nb4 8. Bb5+ Bd7 9. Bxd7+ Kxd7 10. O-O g6
11. c3 Nxd5 12. Nbd2 Nxc3 13. Qe1 Qd3 14. Kh1 Bh6 15. Bxh6 Nxh6 16. h3 e5 17. Ng5 f6 18. Nge4 Nxe4 19. Nxe4 Nf5 20. Nxf6+ Ke7
21. Ne4 b6 22. Rd1 Qc2 23. Rd2 Qxd2 24. Nxd2 Nd4 25. Nc4 Nc2 26. Qd2 Nb4 27. Qxd6+ Kf7 28. Nxe5+ Kg7 29. Qe7+ Kh6 30. Nf7+ Kg7
31. Nxh8+ Kxh8 32. a3 Nd5 33. Qe5+ Kg8 34. Qxd5+
1-0

[Event "10/10/10 Challenge"]
[Site "SchemingMind.com"]
[Date "2010.10.14"]
[Round "-"]
[White "wom_bat"]
[Black "Mitch The Man"]
[Result "1-0"]
[WhiteCountry "GER"]
[BlackCountry "USA"]
[WhiteElo "1673"]
[WhiteRD "80"]
[BlackElo "1424"]
[BlackRD "59"]
[GameID "263708"]

1. c4 d5 2. cxd5 Qxd5 3. Nc3 Qd8 4. d4 e6 5. e4 h6 6. Nf3 Bd7 7. Qb3 b6 8. Bf4 f6 9. Bc4 Qc8 10. O-O Ne7
11. Rad1 a6 12. e5 b5 13. Be2 Bc6 14. exf6 gxf6 15. Rfe1 Bg7 16. Bd3 Bxf3 17. gxf3 Nbc6 18. Rxe6 Nxd4 19. Bg6+ Kf8 20. Rxd4 Nxg6
21. Qb4+ Kf7 22. Rc6 Nxf4 23. Rxf4 Re8 24. Nd5 Kg8 25. Nxf6+ Bxf6 26. Rfxf6
1-0

[Event "10/10/10 Challenge"]
[Site "SchemingMind.com"]
[Date "2010.10.14"]
[Round "-"]
[White "wom_bat"]
[Black "mochiron"]
[Result "1-0"]
[WhiteCountry "GER"]
[BlackCountry "JPN"]
[WhiteElo "1690"]
[WhiteRD "77"]
[BlackElo "1483"]
[BlackRD "65"]
[GameID "263709"]

1. e4 c6 2. d4 d5 3. e5 Bf5 4. c4 e6 5. Nf3 h6 6. Nc3 Bb4 7. Qb3 Bxc3+ 8. bxc3 Ne7 9. Qxb7 Nd7 10. Ba3 Rb8
11. Qa6 O-O 12. Bxe7 Qxe7 13. Qxc6 Rb1+ 14. Rxb1 Bxb1 15. cxd5 Qa3 16. Nd2 Nb8 17. Qb7 Bf5 18. d6 Qc1+ 19. Ke2 Qc2 20. Qb3 Qxb3
21. Nxb3 Nd7 22. Ke3 Rc8 23. c4 a5 24. Nxa5 f6 25. exf6 gxf6 26. c5 Nxc5 27. dxc5 Rxc5 28. d7 Rd5 29. g4 Bxg4 30. Rg1 h5
31. h3 Rxd7 32. hxg4 hxg4 33. Rxg4+ Kf7 34. Rb4 f5 35. Rb7 Rxb7 36. Nxb7 Kf6 37. f4 e5 38. a4 exf4+ 39. Kxf4 Ke6 40. a5
1-0

[Event "10/10/10 Challenge"]
[Site "SchemingMind.com"]
[Date "2010.10.14"]
[Round "-"]
[White "wom_bat"]
[Black "Arthur Wilding"]
[Result "1-0"]
[WhiteCountry "GER"]
[BlackCountry "WLS"]
[WhiteElo "1673"]
[WhiteRD "80"]
[BlackElo "1319"]
[BlackRD "71"]
[GameID "263710"]

1. e4 e5 2. Nf3 d6 3. Nc3 Nf6 4. d4 exd4 5. Nxd4 Bg4 6. f3 Bd7 7. Bg5 Be7 8. Bc4 O-O 9. Qd2 h6 10. Bh4 Nc6
11. O-O-O Nxd4 12. Qxd4 a6 13. Rhe1 c5 14. Qe3 b5 15. Bd5 Nxd5 16. exd5 Bxh4 17. g3 Bf6 18. h4 Bxc3 19. Qxc3 b4 20. Qe3 Re8
21. Qf4 Rxe1 22. Rxe1 Qf6 23. Qxf6 gxf6 24. Re7 Bh3 25. g4 Ra7 26. Rxa7
1-0

[Event "10/10/10 Challenge"]
[Site "SchemingMind.com"]
[Date "2010.10.14"]
[Round "-"]
[White "wom_bat"]
[Black "lennart"]
[Result "1-0"]
[WhiteCountry "GER"]
[BlackCountry "SWE"]
[WhiteElo "1671"]
[WhiteRD "83"]
[BlackElo "1540"]
[BlackRD "57"]
[GameID "263711"]

1. e4 e5 2. Nf3 d6 3. d4 exd4 4. Nxd4 c5 5. Nb3 Nf6 6. Nc3 Be7 7. Bc4 O-O 8. O-O Bg4 9. f3 Bh5 10. Bf4 Nbd7
11. Bxd6 Bxd6 12. Qxd6 Qb6 13. Qf4 Rae8 14. Rad1 Ne5 15. Bd5 c4+ 16. Nd4 Nxd5 17. Nxd5 Qd8 18. Nf5 Qb8 19. Nf6+ gxf6 20. Qh6
1-0

[Event "10/10/10 Challenge"]
[Site "SchemingMind.com"]
[Date "2010.10.14"]
[Round "-"]
[White "wom_bat"]
[Black "PeterLiberty"]
[Result "1-0"]
[WhiteCountry "GER"]
[BlackCountry "USA"]
[WhiteElo "1674"]
[WhiteRD "77"]
[BlackElo "1528"]
[BlackRD "63"]
[GameID "263712"]

1. e4 c5 2. Nf3 d6 3. Nc3 Nf6 4. Bc4 e6 5. O-O Be7 6. d4 cxd4 7. Nxd4 O-O 8. f4 Nc6 9. e5 dxe5 10. Nxc6 bxc6
11. fxe5 Qb6+ 12. Kh1 Rd8 13. Qf3 Qd4 14. exf6 Bxf6 15. Bd3 Bb7 16. Be4 Rab8 17. Be3 Qe5 18. Bxa7 Rbc8 19. Rfe1 Qd6 20. Rad1 Qc7
21. Qe3 Rxd1 22. Rxd1 Rd8 23. Rxd8+ Qxd8 24. Qd3 Qxd3 25. cxd3 g6 26. g3 Kf8 27. d4 e5 28. d5 cxd5 29. Nxd5 Bd8 30. Kg2 f5
31. Bc5+ Kf7 32. Bf3 e4 33. Bxe4 fxe4 34. Nc3 Ke6 35. Kf2 Bc6 36. Ke3 Bg5+ 37. Kd4 e3 38. Kd3 Ke5 39. Bxe3 Bxe3 40. Kxe3 h6
41. a4 g5 42. a5 g4 43. b4 h5 44. b5 Bf3 45. a6 Kd6 46. Kd4 Kc7 47. Kc5 Bg2 48. a7 Kb7 49. b6 Bf3 50. Nd5 Be4
51. Nc7 Kc8 52. a8=Q+ Bxa8 53. Nxa8 Kb7 54. Nc7 Kb8 55. Kc6
1-0

[Event "10/10/10 Challenge"]
[Site "SchemingMind.com"]
[Date "2010.10.15"]
[Round "-"]
[White "wom_bat"]
[Black "jballinger44"]
[Result "1-0"]
[WhiteCountry "GER"]
[BlackCountry "USA"]
[WhiteElo "1673"]
[WhiteRD "80"]
[BlackElo "1245"]
[BlackRD "60"]
[GameID "263713"]

1. e4 c5 2. Nf3 Nf6 3. e5 Ne4 4. d3 Qa5+ 5. c3 Nxf2 6. Kxf2 d5 7. Be2 Bg4 8. Qb3 c4 9. Qxb7 Qc5+ 10. Be3 Qc6
11. Qxc6+ Nxc6 12. Nbd2 Rb8 13. dxc4 Rxb2 14. cxd5 Nxe5 15. Rhb1 Rxb1 16. Rxb1 Bf5 17. Rb8+ Kd7 18. Nxe5+
1-0

[Event "10/10/10 Challenge"]
[Site "SchemingMind.com"]
[Date "2010.10.16"]
[Round "-"]
[White "wom_bat"]
[Black "Amateur Analyst"]
[Result "0-1"]
[WhiteCountry "GER"]
[BlackCountry "USA"]
[WhiteElo "1673"]
[WhiteRD "80"]
[BlackElo "1873"]
[BlackRD "97"]
[GameID "263714"]

1. e4 e6 2. d4 d5 3. Nc3 Bb4 4. Bf4 dxe4 5. Bc4 Nf6 6. Qe2 Qxd4 7. Rd1 Bxc3+ 8. bxc3 Qxc3+ 9. Qd2 Qxd2+ 10. Rxd2 Nc6
11. Bxc7 O-O 12. Ne2 e5 13. O-O Bf5 14. Rfd1 Rac8 15. Bd6 Rfd8 16. Bb4 Rxd2 17. Bxd2 Nd4 18. Nxd4 exd4 19. Kf1 Rxc4
0-1

[Event "10/10/10 Challenge"]
[Site "SchemingMind.com"]
[Date "2010.10.14"]
[Round "-"]
[White "Mitch The Man"]
[Black "wom_bat"]
[Result "0-1"]
[WhiteCountry "USA"]
[BlackCountry "GER"]
[WhiteElo "1424"]
[WhiteRD "59"]
[BlackElo "1673"]
[BlackRD "80"]
[GameID "263715"]

1. e4 e5 2. Nf3 Nc6 3. c3 d5 4. Qe2 Nf6 5. d3 Bg4 6. h3 Bh5 7. g4 Bg6 8. Bg5 h6 9. Bh4 Qd6 10. Bxf6 gxf6
11. Nbd2 O-O-O 12. Bg2 dxe4 13. dxe4 h5 14. g5 Be7 15. h4 f5 16. O-O fxe4 17. Bh3+ Kb8 18. Ne1 Qxd2 19. Qb5 f6 20. Be6 fxg5
21. Bb3 gxh4 22. Rd1 Qg5+ 23. Kh1 Qg4 24. Rxd8+ Rxd8 25. Ng2 h3 26. Ne3 Qf3+ 27. Kh2 Rd2
0-1

[Event "10/10/10 Challenge"]
[Site "SchemingMind.com"]
[Date "2010.10.14"]
[Round "-"]
[White "mochiron"]
[Black "wom_bat"]
[Result "0-1"]
[WhiteCountry "JPN"]
[BlackCountry "GER"]
[WhiteElo "1483"]
[WhiteRD "65"]
[BlackElo "1690"]
[BlackRD "77"]
[GameID "263716"]

1. d4 e6 2. Bf4 Nc6 3. Nf3 Nf6 4. e3 d5 5. Bd3 Bd6 6. a3 O-O 7. Ng5 Bxf4 8. exf4 Nxd4 9. O-O h6 10. c3 hxg5
11. fxg5 Ne4 12. cxd4 Nxg5 13. Qh5 g6 14. Bxg6 Qf6 15. Bd3 Kg7 16. f4 Ne4 17. Bxe4 dxe4 18. f5 Qh6 19. f6+ Kh7 20. Qe2 Qg6
21. Nd2 b6 22. Nxe4 a5 23. Qf3 Kh8 24. Qh3+ Qh7 25. Qf3 Bb7 26. Rae1 Rad8 27. Qg3 Bxe4 28. Rf4 Rg8 29. Rg4 Rxg4 30. Qxg4 Bxg2
31. Re5 Rg8 32. Qf4 Qb1+ 33. Kf2 Qf1+ 34. Ke3 Qe1+ 35. Kd3 Bf1+ 36. Re2 Bxe2+ 37. Kc2 Qd1+ 38. Kc3 Qd3#
0-1

[Event "10/10/10 Challenge"]
[Site "SchemingMind.com"]
[Date "2010.10.14"]
[Round "-"]
[White "Arthur Wilding"]
[Black "wom_bat"]
[Result "1/2-1/2"]
[WhiteCountry "WLS"]
[BlackCountry "GER"]
[WhiteElo "1319"]
[WhiteRD "71"]
[BlackElo "1673"]
[BlackRD "80"]
[GameID "263717"]

1. d4 d5 2. e3 Nc6 3. Nf3 Bg4 4. Nc3 Nf6 5. h3 Bh5 6. Be2 e6 7. O-O Bd6 8. Re1 O-O 9. Nb5 Ne4 10. Nxd6 Qxd6
11. Nd2 Bg6 12. Nxe4 dxe4 13. Bd2 Rad8 14. a3 e5 15. Bb5 exd4 16. Bxc6 bxc6 17. exd4 Qxd4 18. Bc3 Qd5 19. Qe2 Rfe8 20. Red1 Qg5
21. Rxd8 Rxd8 22. Rd1 Rxd1+=
1/2-1/2

[Event "10/10/10 Challenge"]
[Site "SchemingMind.com"]
[Date "2010.10.14"]
[Round "-"]
[White "lennart"]
[Black "wom_bat"]
[Result "0-1"]
[WhiteCountry "SWE"]
[BlackCountry "GER"]
[WhiteElo "1543"]
[WhiteRD "57"]
[BlackElo "1673"]
[BlackRD "80"]
[GameID "263718"]

1. e4 e5 2. Nf3 Nc6 3. Bd3 Nf6 4. O-O Bc5 5. c3 a5 6. a4 d5 7. exd5 Qxd5 8. Bb5 Bg4 9. Be2 O-O 10. b3 e4
11. Ne1 Bxe2 12. Qxe2 Qxb3 13. h3 Rfe8 14. Qb5 Qxb5 15. axb5 Ne5 16. Nc2 Rad8 17. Rxa5 Nc4 18. Ra2 Ra8 19. Ra1 Nd5 20. Ba3 Bb6
21. Nd4 Bxd4 22. cxd4 Nb4 23. Rc1 Nxa3 24. Nxa3 c6 25. Rcb1 Nd5 26. Rb3 Reb8 27. bxc6 bxc6 28. Rxb8+ Rxb8 29. Nc4 Nf4 30. Re1 f5
31. Ne5 c5 32. dxc5 Rb5 33. Nd7 Nd3 34. Kf1 Nxe1 35. Kxe1 Kf7 36. c6 Rb1+ 37. Ke2 Rc1 38. Nb8 Ke7 39. Ke3 Kd6 40. f3 exf3
41. Kxf3 Rb1 42. Nd7 Kxc6 43. Ne5+ Kd5 44. Kf4 Rf1+ 45. Nf3 Rf2 46. g4 fxg4 47. hxg4 h6 48. Kg3 Rf1 49. d3 Rd1 50. d4 Rd3
51. Kf4 g5+ 52. Kg3 Ke4
0-1

[Event "10/10/10 Challenge"]
[Site "SchemingMind.com"]
[Date "2010.10.14"]
[Round "-"]
[White "PeterLiberty"]
[Black "wom_bat"]
[Result "1/2-1/2"]
[WhiteCountry "USA"]
[BlackCountry "GER"]
[WhiteElo "1476"]
[WhiteRD "61"]
[BlackElo "1673"]
[BlackRD "80"]
[GameID "263719"]

1. e4 e5 2. Nf3 Nc6 3. Bb5 d6 4. d4 exd4 5. Nxd4 Bd7 6. Nc3 Nf6 7. O-O Qe7 8. Re1 O-O-O 9. Bg5 Qe5 10. Bxf6 Qxf6
11. Bxc6 Bxc6 12. Nxc6 bxc6 13. f3 Be7 14. Qd2 Qg6=
1/2-1/2

[Event "10/10/10 Challenge"]
[Site "SchemingMind.com"]
[Date "2010.10.15"]
[Round "-"]
[White "jballinger44"]
[Black "wom_bat"]
[Result "0-1"]
[WhiteCountry "USA"]
[BlackCountry "GER"]
[WhiteElo "1245"]
[WhiteRD "60"]
[BlackElo "1673"]
[BlackRD "80"]
[GameID "263720"]

1. e4 e5 2. Nf3 d6 3. Bb5+ c6 4. Ba4 Bg4 5. h3 Bh5 6. g4 Bg6 7. d3 h5 8. Bg5 f6 9. Nh4 Bf7 10. Be3 hxg4
11. hxg4 g5 12. Kd2 gxh4 13. Bb3 d5 14. exd5 Bxd5 15. Bxd5 cxd5 16. f3 d4 17. Bf2 Qa5+ 18. Kc1 Bh6+ 19. Be3 Bxe3+ 20. Nd2 Ne7
21. c3 dxc3 22. bxc3 Qxc3+ 23. Qc2 Qxa1+ 24. Qb1 Qxb1+ 25. Kxb1 Bxd2 26. Kc2 Bf4 27. Kb3 Nbc6
0-1

[Event "10/10/10 Challenge"]
[Site "SchemingMind.com"]
[Date "2010.10.17"]
[Round "-"]
[White "Amateur Analyst"]
[Black "wom_bat"]
[Result "1-0"]
[WhiteCountry "USA"]
[BlackCountry "GER"]
[WhiteElo "1903"]
[WhiteRD "88"]
[BlackElo "1674"]
[BlackRD "77"]
[GameID "263721"]

1. e4 e5 2. Nf3 Nc6 3. Bb5 d6 4. d4 exd4 5. Nxd4 Bd7 6. Nxc6 Bxc6 7. Bxc6+ bxc6 8. Nc3 Nf6 9. O-O Be7 10. Bf4 O-O
11. Qf3 d5 12. e5 Nd7 13. Qg4 g5 14. h4 h6 15. hxg5 Bxg5 16. Bh2 Kh7 17. f4 Be7 18. f5 Rg8 19. Qh3 Bg5 20. f6 Nc5
21. Qf5+ Rg6 22. Bf4 Qd7 23. Bxg5 Qxf5 24. Rxf5 Rxg5 25. Rxg5 hxg5 26. Ne2 Ne4 27. Nd4 c5 28. Nc6 a5 29. Rd1 Ra6 30. Ne7 d4
31. Re1 Nxf6 32. exf6 Rxf6 33. b3 Kg7 34. Nd5
1-0